000 00488 a2200169 4500
999 _c534145
_d534145
001 90457
003 NUST
005 20200204121747.0
038 _aMSOHAIL
082 _a954.0317 SYE
100 _aSir Syed Ahmed Khan; Salim Al Din Quraishi
_928291
245 _aAsbab -e- Baghawat -e- Hind
_cSir Syed Ahmed Khan; Salim Al Din Quraishi
260 _aLahore
_bSang-e-Meel Publications
_c2009
300 _a215p.
500 _aGeneral Collection
942 _aCAE NUST
_k954.0317 SYE
_2ddc
_cBK